00369nam a2200157Ia 4500008004100000020001800041041000800059082001900067100001500086245003600101250001200137260002200149300000900171365001600180700001500196230718s9999 xx 000 0 und d a9789353166724 aeng a621.319'2bSIN aSingh R.R. aNetwork Analysis And Synthesis  a2nd ed. c2019bMcGraw Hill a1303 cRs.b675.00 aSingh R.R.